000 00176nam a2200085 4500
001 1255807
005 20251212143952.0
245 _aDEFİNE AVI R.TAYFA
_c.
260 _bERDEM ÇOCUK
999 _c1255807
_d1255807